<?xml version="1.0" encoding="UTF-8"?>
<record
    xmlns:xsi="http://www.w3.org/2001/XMLSchema-instance"
    xsi:schemaLocation="http://www.loc.gov/MARC21/slim http://www.loc.gov/standards/marcxml/schema/MARC21slim.xsd"
    xmlns="http://www.loc.gov/MARC21/slim">

  <leader>00971ncm1a2200289 i 4500</leader>
  <controlfield tag="001">RU\NLR\ONIZ\218737</controlfield>
  <controlfield tag="005">20241221122903.0</controlfield>
  <datafield tag="010" ind1=" " ind2=" ">
    <subfield code="a">5295035832</subfield>
  </datafield>
  <datafield tag="035" ind1=" " ind2=" ">
    <subfield code="a">RU\NLR\ONIZ\GALA\5000030657\20170613133144</subfield>
  </datafield>
  <datafield tag="035" ind1=" " ind2=" ">
    <subfield code="a">(NLR Aleph) 011415225</subfield>
  </datafield>
  <datafield tag="090" ind1=" " ind2=" ">
    <subfield code="a">11580882</subfield>
    <subfield code="c">11580882</subfield>
  </datafield>
  <datafield tag="100" ind1=" " ind2=" ">
    <subfield code="a">20170613g20059999|||y0rusy50      ca</subfield>
  </datafield>
  <datafield tag="101" ind1="0" ind2=" ">
    <subfield code="a">rus</subfield>
  </datafield>
  <datafield tag="102" ind1=" " ind2=" ">
    <subfield code="a">RU</subfield>
  </datafield>
  <datafield tag="200" ind1="1" ind2=" ">
    <subfield code="a">&#x421;&#x43E;&#x447;&#x438;&#x43D;&#x435;&#x43D;&#x438;&#x44F;</subfield>
    <subfield code="b">&#x41D;&#x43E;&#x442;&#x44B;</subfield>
    <subfield code="d">&#x18F;&#x4AB;&#x259;&#x440;&#x499;&#x259;&#x440;</subfield>
    <subfield code="z">bak</subfield>
    <subfield code="f">&#x417;. &#x418;&#x441;&#x43C;&#x430;&#x433;&#x438;&#x43B;&#x43E;&#x432;</subfield>
  </datafield>
  <datafield tag="210" ind1=" " ind2=" ">
    <subfield code="a">&#x423;&#x444;&#x430;</subfield>
    <subfield code="c">&#x41A;&#x438;&#x442;&#x430;&#x43F;</subfield>
    <subfield code="d">2005-</subfield>
  </datafield>
  <datafield tag="215" ind1=" " ind2=" ">
    <subfield code="d">30 &#x441;&#x43C;</subfield>
  </datafield>
  <datafield tag="300" ind1=" " ind2=" ">
    <subfield code="a">&#x422;&#x438;&#x442;. &#x43B;. &#x431;&#x430;&#x448;&#x43A;., &#x43A;&#x43E;&#x43D;&#x442;&#x440;&#x442;&#x438;&#x442;. &#x440;&#x443;&#x441;.</subfield>
  </datafield>
  <datafield tag="686" ind1=" " ind2=" ">
    <subfield code="a">&#x429;9&#x44F;44(2&#x420;=&#x411;&#x430;&#x448;)</subfield>
    <subfield code="v">LBC/SL</subfield>
    <subfield code="2">rubbk</subfield>
  </datafield>
  <datafield tag="700" ind1=" " ind2="1">
    <subfield code="9">z04790</subfield>
    <subfield code="a">&#x418;&#x441;&#x43C;&#x430;&#x433;&#x438;&#x43B;&#x43E;&#x432;</subfield>
    <subfield code="b">&#x417;. &#x413;.</subfield>
    <subfield code="f">1917-2003</subfield>
    <subfield code="g">&#x417;&#x430;&#x433;&#x438;&#x440; &#x413;&#x430;&#x440;&#x438;&#x43F;&#x43E;&#x432;&#x438;&#x447;</subfield>
    <subfield code="4">230</subfield>
  </datafield>
  <datafield tag="790" ind1=" " ind2="1">
    <subfield code="9">z04700</subfield>
    <subfield code="a">&#x418;&#x441;&#x43C;&#x259;&#x493;&#x438;&#x43B;&#x435;&#x432;</subfield>
    <subfield code="b">&#x417;.</subfield>
    <subfield code="f">1917-2003</subfield>
    <subfield code="g">&#x417;&#x430;h&#x438;&#x440;</subfield>
    <subfield code="4">230</subfield>
    <subfield code="7">ca</subfield>
  </datafield>
  <datafield tag="801" ind1=" " ind2="0">
    <subfield code="a">RU</subfield>
    <subfield code="b">NLR</subfield>
    <subfield code="c">20170613</subfield>
    <subfield code="g">PSBO</subfield>
  </datafield>
  <datafield tag="801" ind1=" " ind2="1">
    <subfield code="a">RU</subfield>
    <subfield code="b">NLR</subfield>
    <subfield code="c">20170613</subfield>
    <subfield code="2">rusmarc</subfield>
  </datafield>
  <datafield tag="801" ind1=" " ind2="2">
    <subfield code="a">RU</subfield>
    <subfield code="b">NLR</subfield>
    <subfield code="c">20181016</subfield>
  </datafield>
  <datafield tag="942" ind1=" " ind2=" ">
    <subfield code="c">SCORE</subfield>
  </datafield>
  <datafield tag="980" ind1=" " ind2=" ">
    <subfield code="a">ONIZ</subfield>
  </datafield>
</record>
